Quick Pick: 'I, J, K' Capitals Quiz Stats

 Plays Quiz Updated Dec 3, 2017

Challenge
Share
Tweet
Embed
Score 0/15 Timer 01:30
3 Plays Today
% Correct
Jerusalem
94.5%
Kuwait City
89.9%
Kyiv
88.1%
Kabul
83.2%
Islamabad
82%
Kingston
81.9%
Jakarta
81.3%
Kathmandu
81.3%
% Correct
Kuala Lumpur
77.9%
Kingstown
74%
Khartoum
61.9%
Kinshasa
60.2%
Juba
56.7%
Kampala
56.7%
Kigali
55.9%

Today's Daily Dose

You're not logged in!

Compare scores with friends on all Sporcle quizzes.
OR
Log In

You Might Also Like...

Show Comments

Extras

Top Quizzes Today


Score Distribution

Your Account Isn't Verified!

In order to create a playlist on Sporcle, you need to verify the email address you used during registration. Go to your Sporcle Settings to finish the process.

Report this User

Report this user for behavior that violates our Community Guidelines.

Details: